000 00480nam a2200181Ia 4500
001 2912
005 20260306144842.0
008 260306t1996||||xx |||||||||||||| ||spa||
041 _aESP
082 _a232.96
_bM44
100 _aMessori, Vittorio
_eAUT
245 0 _a¿Padeció bajo Poncio Pilato?:
_buna investigación sobre la pasión y muerte de Jesús
260 _c1996
300 _a383 páginas :
_c24 cm.
650 _aGEN
654 _aCHU
942 _cLIB
_dJUS
_fJUS
_2ddc
_n
999 _c2912
_d2912